000 01200nkm a2200289 i 4500
001 4112
003 ES-MaACL
005 20250808034904.0
007 khrbo
008 070627s1987 sp --- g |001||spa d
100 0 _aAlfonso,
_d1902-1990
_919858
245 1 0 _aMesa redonda "Influencia del Ché en Centroamérica y Sudamérica" [
_hFotografía] /
_cAlfonso (sello).
260 _a[S.l. :
_bs.n.],
_c1987.
300 _a2 fot. :
_bb. y n. ;
_c12 x 18 cm.
490 1 _aXX aniversario de la muerte del Ché en combate
500 _aDatos basados en invitación.
511 0 _aIntervienen: Manuel Revuelta, Marcos Roitman.
518 _aActo organizado por el Ateneo de Madrid, celebrado en el salón de actos el viernes, 9 de octubre de 1987, a las 19:45 h.
600 1 4 _aRevuelta, Marcos.
_996459
600 1 4 _aRoitman, Marcos
_999031
610 2 4 _aAteneo de Madrid-
_xActos culturales-
_y1987-
_vFotografías.
_91902
710 2 _aAteneo de Madrid.
_91875
830 0 0 _aXX aniversario de la muerte del Che en combate
_9177001
852 _aES-MaACL
_jFOT 177/1987
856 4 _uhttp://www.ateneodemadrid.net/biblioteca_digital/imagenes/1987/0177-1987.jpg
_zVer imagen
999 _c4112
_d4112